[Event "SUI-chT"]
[Site "Switzerland"]
[Date "2017.10.15"]
[Round "9.3"]
[White "Kosteniuk, Alexandra"]
[Black "Gaehwiler, Gabriel"]
[Result "1/2-1/2"]
[WhiteElo "2555"]
[BlackElo "2401"]
[PlyCount "60"]
[EventDate "2017.03.19"]
[EventType "team-swiss"]
[EventRounds "9"]
[EventCountry "SUI"]
[SourceTitle "EXT 2019"]
[Source "ChessBase"]
[SourceDate "2018.10.10"]
[SourceVersion "1"]
[SourceVersionDate "2018.10.10"]
[SourceQuality "1"]
[WhiteTeam "Zuerich"]
[BlackTeam "Winterthur"]
[WhiteTeamCountry "SUI"]
[BlackTeamCountry "SUI"]

1. e4 e5 2. Nf3 Nf6 3. Nxe5 d6 4. Nf3 Nxe4 5. d4 d5 6. Bd3 Nc6 7. O-O Be7 8.
Nbd2 Nxd2 9. Bxd2 O-O 10. c3 Bg4 11. h3 Bh5 12. g3 Qd7 13. Kg2 Bg6 14. Bxg6
hxg6 15. Bf4 Bd6 16. Bxd6 Qxd6 17. Rh1 Qd7 18. h4 Qf5 19. Qb3 Na5 20. Qb4 Nc4
21. b3 Nd6 22. Rhe1 a5 23. Qa3 Ne4 24. Re3 f6 25. Qb2 Rae8 26. c4 g5 27. Qe2
Nc3 28. Qd3 Ne4 29. Qe2 Nc3 30. Qd3 Ne4 1/2-1/2

[Event "RUS-chT (Women)"]
[Site "Sochi"]
[Date "2017.05.02"]
[Round "2.1"]
[White "Kosteniuk, Alexandra"]
[Black "Ushenina, Anna"]
[Result "1/2-1/2"]
[WhiteElo "2540"]
[BlackElo "2449"]
[PlyCount "117"]
[EventDate "2017.05.01"]
[EventType "team-tourn"]
[EventRounds "9"]
[EventCountry "RUS"]
[SourceTitle "CBM 178 Extra"]
[Source "ChessBase"]
[SourceDate "2017.06.22"]
[SourceVersion "1"]
[SourceVersionDate "2017.06.22"]
[SourceQuality "1"]
[WhiteTeam "Moscow Legacy Square (W)"]
[BlackTeam "Khanty Mansyisk Yugra (W)"]
[WhiteTeamCountry "RUS"]
[BlackTeamCountry "RUS"]

1. e4 c5 2. Nf3 e6 3. c4 Nc6 4. Be2 Nf6 5. Nc3 d5 6. exd5 exd5 7. d4 cxd4 8.
Nxd4 dxc4 9. Nxc6 Qxd1+ 10. Nxd1 bxc6 11. Bxc4 Nd5 12. Ne3 Bb4+ 13. Kd1 Be6 14.
Nxd5 Bxd5 15. Bxd5 O-O-O 16. Be3 Rxd5+ 17. Ke2 Bc5 18. Rac1 Re8 19. Rc3 Bxe3
20. fxe3 Re6 21. Rf1 f6 22. Rf4 Kb7 23. a4 c5 24. Rfc4 Rb6 25. b3 Rb4 26. h4
Re5 27. Kf3 Rf5+ 28. Ke2 Re5 29. g3 g6 30. Kd3 h5 31. Rxb4+ cxb4 32. Rc4 a5 33.
g4 Rd5+ 34. Ke2 Re5 35. Rf4 hxg4 36. Rxf6 Rh5 37. Rxg6 Rxh4 38. Kd3 Kc7 39. Kd4
Kb7 40. Rg5 Kb6 41. Rg6+ Kb7 42. e4 Rh3 43. Rxg4 Rxb3 44. Rg5 Rb1 45. Rxa5 b3
46. Rb5+ Kc6 47. Kc3 Re1 48. e5 Re3+ 49. Kd4 Rh3 50. e6 Rh4+ 51. Ke5 Rh5+ 52.
Kf6 Rxb5 53. axb5+ Kb7 54. e7 b2 55. e8=Q b1=Q 56. Qc6+ Kb8 57. Qd5 Kc7 58.
Qe5+ Kb7 59. Ke7 1/2-1/2

[Event "RUS-chT (Women)"]
[Site "Sochi"]
[Date "2017.05.03"]
[Round "3.1"]
[White "Suslova, Alena"]
[Black "Kosteniuk, Alexandra"]
[Result "1/2-1/2"]
[WhiteElo "2216"]
[BlackElo "2540"]
[PlyCount "119"]
[EventDate "2017.05.01"]
[EventType "team-tourn"]
[EventRounds "9"]
[EventCountry "RUS"]
[SourceTitle "CBM 178 Extra"]
[Source "ChessBase"]
[SourceDate "2017.06.22"]
[SourceVersion "1"]
[SourceVersionDate "2017.06.22"]
[SourceQuality "1"]
[WhiteTeam "Chelyabinsk Yuzhny Ural (W)"]
[BlackTeam "Moscow Legacy Square (W)"]
[WhiteTeamCountry "RUS"]
[BlackTeamCountry "RUS"]

1. c4 e5 2. g3 Nf6 3. Bg2 Nc6 4. Nc3 Bc5 5. a3 a6 6. e3 d6 7. Nge2 Bf5 8. d3
Qd7 9. b4 Ba7 10. h4 h6 11. Bb2 O-O 12. Qd2 Be6 13. Nd5 Nh7 14. O-O Nd8 15. e4
Nc6 16. d4 Nxd4 17. Nxd4 Bxd4 18. Bxd4 exd4 19. Qxd4 Rad8 20. Rad1 Rfe8 21.
Rfe1 Nf8 22. Ne3 Qc8 23. c5 Bh3 24. Bh1 Ng6 25. cxd6 Rxd6 26. Qc3 Red8 27. Rxd6
Rxd6 28. e5 Rd8 29. Be4 Be6 30. Rd1 Rxd1+ 31. Nxd1 Ne7 32. Ne3 b6 33. Qd3 Kf8
34. f4 Bd7 35. f5 Bb5 36. Qd2 Qd7 37. Qxd7 Bxd7 38. g4 Bc6 39. Bc2 Bb7 40. Kf2
Ke8 41. f6 gxf6 42. exf6 Nd5 43. Nxd5 Bxd5 44. Ke3 c5 45. bxc5 bxc5 46. Kf4 Kf8
47. g5 hxg5+ 48. Kxg5 Ba2 49. Kf4 a5 50. Ke5 Kg8 51. Be4 Bb3 52. Bd5 a4 53. Be4
Kh8 54. Bb1 Kg8 55. Bf5 Kh8 56. h5 Kg8 57. Be4 Kh8 58. Bb1 Kg8 59. Bf5 Kh8 60.
Be4 1/2-1/2

[Event "RUS-chT (Women)"]
[Site "Sochi"]
[Date "2017.05.05"]
[Round "5.3"]
[White "Bodnaruk, Anastasia"]
[Black "Kosteniuk, Alexandra"]
[Result "1/2-1/2"]
[WhiteElo "2438"]
[BlackElo "2540"]
[PlyCount "139"]
[EventDate "2017.05.01"]
[EventType "team-tourn"]
[EventRounds "9"]
[EventCountry "RUS"]
[SourceTitle "CBM 178 Extra"]
[Source "ChessBase"]
[SourceDate "2017.06.22"]
[SourceVersion "1"]
[SourceVersionDate "2017.06.22"]
[SourceQuality "1"]
[WhiteTeam "St Petersburg SHSH (W)"]
[BlackTeam "Moscow Legacy Square (W)"]
[WhiteTeamCountry "RUS"]
[BlackTeamCountry "RUS"]

1. e4 e5 2. Nf3 Nf6 3. d4 Nxe4 4. dxe5 d5 5. Nbd2 Nc5 6. Be2 Be7 7. O-O O-O 8.
Re1 Bg4 9. Nd4 Bxe2 10. Qxe2 Qd7 11. Qf3 g6 12. Nf1 Ne6 13. Nb3 f5 14. Bh6 Rd8
15. Rad1 Nc6 16. Ne3 d4 17. c4 Nxe5 18. Qg3 Nf7 19. Nxf5 Bf6 20. Bc1 Re8 21.
Ne3 c6 22. Ng4 Bg7 23. h4 h5 24. Nh2 Nf8 25. Nf3 b6 26. Bf4 c5 27. Nc1 Qf5 28.
Ng5 Nxg5 29. Bxg5 Qc2 30. b3 Nd7 31. Qd3 Qxd3 32. Nxd3 Be5 33. Rd2 Kf7 34. Rde2
Bd6 35. g3 a6 36. a4 Rxe2 37. Rxe2 b5 38. a5 bxc4 39. bxc4 Rb8 40. Bf4 Rb1+ 41.
Kg2 Be7 42. Bc7 Rb7 43. Bb6 Bd6 44. Kf3 Rb8 45. Rb2 Ke6 46. Re2+ Kf5 47. Rb2
Ke6 48. Re2+ Kf6 49. Ra2 Kf5 50. Rb2 Rb7 51. Ra2 Nxb6 52. Rb2 Ke6 53. axb6 Kd7
54. Ra2 Rxb6 55. Ke4 Kc6 56. Ra5 Bf8 57. f3 Bd6 58. g4 hxg4 59. fxg4 Be7 60. h5
gxh5 61. gxh5 Bf8 62. Ra1 Kd7 63. Rf1 Ke8 64. Rf5 Re6+ 65. Kd5 Rd6+ 66. Ke5 Rd7
67. Ke6 Rd6+ 68. Ke5 Rd7 69. Ke6 Rd6+ 70. Ke5 1/2-1/2

[Event "RUS-chT (Women)"]
[Site "Sochi"]
[Date "2017.05.07"]
[Round "6.1"]
[White "Kosteniuk, Alexandra"]
[Black "Chigaeva, Anastasia"]
[Result "1-0"]
[WhiteElo "2540"]
[BlackElo "2191"]
[PlyCount "85"]
[EventDate "2017.05.01"]
[EventType "team-tourn"]
[EventRounds "9"]
[EventCountry "RUS"]
[SourceTitle "CBM 178 Extra"]
[Source "ChessBase"]
[SourceDate "2017.06.22"]
[SourceVersion "1"]
[SourceVersionDate "2017.06.22"]
[SourceQuality "1"]
[WhiteTeam "Moscow Legacy Square (W)"]
[BlackTeam "Bukavushki Tolyatti (W)"]
[WhiteTeamCountry "RUS"]
[BlackTeamCountry "RUS"]

1. e4 e6 2. d4 d5 3. Nc3 Nf6 4. Bg5 dxe4 5. Nxe4 Nbd7 6. Nxf6+ Nxf6 7. Bd3 h6
8. Bh4 c5 9. dxc5 Bd7 10. Qd2 Bxc5 11. Nf3 Bc6 12. O-O-O Be7 13. Ne5 Nd5 14.
Bxe7 Qxe7 15. c4 Nb4 16. Bb1 O-O 17. a3 Na6 18. Nxc6 bxc6 19. Qe3 Rfd8 20. Qe4
g6 21. Bc2 Qf6 22. f4 Nc5 23. Qe5 Qxe5 24. fxe5 a5 25. Rd2 Rxd2 26. Kxd2 Nd7
27. Re1 c5 28. Ba4 Kf8 29. Kc3 Ke7 30. g4 Nb6 31. Bc6 Rd8 32. b4 axb4+ 33. axb4
cxb4+ 34. Kxb4 Rd2 35. Ra1 Rxh2 36. Ra7+ Kd8 37. c5 Nd5+ 38. Bxd5 exd5 39. c6
Re2 40. Kc5 Rxe5 41. Rxf7 Kc8 42. Kb6 Re8 43. Ra7 1-0

[Event "RUS-chT (Women)"]
[Site "Sochi"]
[Date "2017.05.08"]
[Round "7.4"]
[White "Gritsayeva, Oksana"]
[Black "Kosteniuk, Alexandra"]
[Result "1/2-1/2"]
[WhiteElo "2396"]
[BlackElo "2540"]
[PlyCount "88"]
[EventDate "2017.05.01"]
[EventType "team-tourn"]
[EventRounds "9"]
[EventCountry "RUS"]
[SourceTitle "CBM 178 Extra"]
[Source "ChessBase"]
[SourceDate "2017.06.22"]
[SourceVersion "1"]
[SourceVersionDate "2017.06.22"]
[SourceQuality "1"]
[WhiteTeam "Rostov Donchanka (W)"]
[BlackTeam "Moscow Legacy Square (W)"]
[WhiteTeamCountry "RUS"]
[BlackTeamCountry "RUS"]

1. Nf3 Nf6 2. c4 e6 3. g3 d5 4. Bg2 dxc4 5. Qa4+ c6 6. Qxc4 b5 7. Qb3 Bb7 8.
O-O a6 9. a4 Nbd7 10. d4 c5 11. axb5 Bd5 12. Qd1 axb5 13. Rxa8 Qxa8 14. Nc3 Bc6
15. dxc5 Bxc5 16. Ne1 b4 17. Bxc6 Qxc6 18. Na4 Be7 19. Nd3 O-O 20. Bd2 Qe4 21.
Bg5 Qd5 22. Bxf6 Nxf6 23. Qc2 b3 24. Qc1 h5 25. Nc3 Qb7 26. Qf4 Ra8 27. Rd1 Ra5
28. e4 Qb6 29. h3 Bd6 30. Qf3 h4 31. Kg2 Nd7 32. g4 Bc7 33. Qe3 Qxe3 34. fxe3
Nc5 35. Kf3 g6 36. Ke2 Na4 37. Nxa4 Rxa4 38. Rc1 Bg3 39. Rc3 Rxe4 40. Rxb3 f5
41. gxf5 exf5 42. Kf3 Re7 43. Rb4 g5 44. Rd4 Kg7 1/2-1/2

[Event "RUS-chT (Women)"]
[Site "Sochi"]
[Date "2017.05.10"]
[Round "9.1"]
[White "Kosteniuk, Alexandra"]
[Black "Solozhenkina, Elizaveta"]
[Result "1/2-1/2"]
[WhiteElo "2540"]
[BlackElo "2234"]
[PlyCount "67"]
[EventDate "2017.05.01"]
[EventType "team-tourn"]
[EventRounds "9"]
[EventCountry "RUS"]
[SourceTitle "CBM 178 Extra"]
[Source "ChessBase"]
[SourceDate "2017.06.22"]
[SourceVersion "1"]
[SourceVersionDate "2017.06.22"]
[SourceQuality "1"]
[WhiteTeam "Moscow Legacy Square (W)"]
[BlackTeam "Krasnodar Belorechensk Uni (W)"]
[WhiteTeamCountry "RUS"]
[BlackTeamCountry "RUS"]

1. d4 d5 2. c4 e6 3. Nc3 Be7 4. cxd5 exd5 5. Bf4 c6 6. e3 Bf5 7. g4 Be6 8. h3
Nf6 9. Bg2 O-O 10. Nge2 Nfd7 11. Ng3 Na6 12. h4 Bxh4 13. Nf5 Bxf5 14. gxf5 Bg5
15. Qh5 h6 16. Bxg5 Qxg5 17. Qxg5 hxg5 18. Rh5 g4 19. Rg5 Nf6 20. Kd2 Rfd8 21.
Rh1 Nc7 22. Ne2 Nce8 23. Nf4 Kf8 24. Nd3 Ke7 25. Ne5 Nd6 26. Ke2 Rg8 27. Rh4
Rh8 28. Rxg7 Rxh4 29. Ng6+ Ke8 30. Nxh4 Kf8 31. Rg5 Ke7 32. Rg7 Kf8 33. Rg5 Ke7
34. Rg7 1/2-1/2

[Event "WchT (Women) 6th"]
[Site "Khanty-Mansiysk"]
[Date "2017.06.17"]
[Round "1.5"]
[White "Kosteniuk, Alexandra"]
[Black "Ju, Wenjun"]
[Result "1-0"]
[WhiteElo "2542"]
[BlackElo "2583"]
[PlyCount "207"]
[EventDate "2017.06.17"]
[EventType "team-tourn"]
[EventRounds "9"]
[EventCountry "RUS"]
[SourceTitle "CBM 179 Extra"]
[Source "ChessBase"]
[SourceDate "2017.08.23"]
[SourceVersion "1"]
[SourceVersionDate "2017.08.23"]
[SourceQuality "1"]
[WhiteTeam "Russia (W)"]
[BlackTeam "China (W)"]
[WhiteTeamCountry "RUS"]
[BlackTeamCountry "CHN"]

1. e4 e5 2. Nf3 Nc6 3. Bb5 a6 4. Ba4 Nf6 5. d3 d6 6. c4 Be7 7. Nc3 O-O 8. d4
exd4 9. Nxd4 Nxd4 10. Qxd4 c6 11. O-O b5 12. Bc2 Be6 13. cxb5 axb5 14. Rd1 Qb8
15. Bg5 b4 16. e5 dxe5 17. Qh4 Re8 18. Bxf6 Bxf6 19. Qxh7+ Kf8 20. Ne4 Ke7 21.
Nd6 Rd8 22. Nf5+ Bxf5 23. Qxf5 Qb5 24. Bb3 Qe2 25. Re1 Qxb2 26. Qe4 Qd4 27.
Qxc6 Ra7 28. Rac1 Rd6 29. Qb5 Qb6 30. Qe2 g6 31. Rc4 Kf8 32. h4 Rad7 33. h5 Rd2
34. Qf3 R2d3 35. Rc6 Rxf3 36. Rxb6 Rf4 37. g3 Bd8 38. Rb5 Rf6 39. hxg6 Rxg6 40.
Rexe5 Rg4 41. Rb8 Kg7 42. Reb5 Be7 43. Kg2 Rgd4 44. Rf5 Bf6 45. Rbb5 Bd8 46.
Rf3 Re4 47. Rh5 Red4 48. Rhf5 f6 49. Rb5 Be7 50. Re3 Bf8 51. f4 Re7 52. Kf3
Rxe3+ 53. Kxe3 Rd7 54. Ke4 Rc7 55. Rb8 Ra7 56. Kf5 Ra5+ 57. Kg4 Ra7 58. Kh4 Rd7
59. Kg4 Ra7 60. Rd8 Rc7 61. Kf5 Rc5+ 62. Bd5 Rc7 63. g4 Ra7 64. Rc8 Rd7 65. Bc4
Ra7 66. Rb8 Rc7 67. Bd5 Rd7 68. Rb5 Rc7 69. Rb6 Be7 70. Ra6 Rd7 71. Ke6 Rc7 72.
Be4 Bf8 73. Bc6 Re7+ 74. Kf5 Rc7 75. Bd5 Be7 76. Re6 Rd7 77. Bb3 Rc7 78. Re2
Ra7 79. Rd2 Rc7 80. Rh2 Bd6 81. g5 fxg5 82. Kxg5 Rc5+ 83. Kg4 Rc1 84. Rd2 Rg1+
85. Kf5 Rg6 86. Ke4 Be7 87. Rd7 Kf6 88. Rb7 Rg1 89. Rb6+ Kg7 90. f5 Re1+ 91.
Kd5 Rg1 92. Ke6 Re1+ 93. Kd7 Bc5 94. Rg6+ Kh7 95. Rg4 Re7+ 96. Kc6 Re5 97. f6
Bf8 98. f7 Rc5+ 99. Kd7 Bg7 100. Rxb4 Kh6 101. Rb6+ Kg5 102. Rb8 Rf5 103. Rg8
Kh6 104. Ke7 1-0

[Event "WchT (Women) 6th"]
[Site "Khanty-Mansiysk"]
[Date "2017.06.18"]
[Round "2.2"]
[White "Pham, Le Thao Nguyen"]
[Black "Kosteniuk, Alexandra"]
[Result "1/2-1/2"]
[WhiteElo "2344"]
[BlackElo "2542"]
[PlyCount "97"]
[EventDate "2017.06.17"]
[EventType "team-tourn"]
[EventRounds "9"]
[EventCountry "RUS"]
[SourceTitle "CBM 179 Extra"]
[Source "ChessBase"]
[SourceDate "2017.08.23"]
[SourceVersion "1"]
[SourceVersionDate "2017.08.23"]
[SourceQuality "1"]
[WhiteTeam "Vietnam (W)"]
[BlackTeam "Russia (W)"]
[WhiteTeamCountry "VIE"]
[BlackTeamCountry "RUS"]

1. d4 Nf6 2. Nf3 d5 3. Bf4 c5 4. e3 Nc6 5. Nbd2 cxd4 6. exd4 Qb6 7. Nb3 Bg4 8.
h3 Bh5 9. Be2 e6 10. O-O Ne4 11. a4 a6 12. a5 Qd8 13. Ne5 Bxe2 14. Qxe2 Rc8 15.
c3 Be7 16. Nd3 Bd6 17. f3 Nf6 18. Bxd6 Qxd6 19. Nbc5 Qc7 20. b4 O-O 21. Rfe1
Ne8 22. Ne5 Nd6 23. Qd3 Nxe5 24. Rxe5 Nc4 25. Ree1 Rfe8 26. Ra2 Re7 27. Qf1 Qf4
28. Qf2 Nd6 29. g3 Qf5 30. Kg2 Nc4 31. Rae2 h6 32. f4 g5 33. g4 Qxf4 34. Qxf4
gxf4 35. Kf3 Nd6 36. Kxf4 Kg7 37. Rg1 Rec7 38. Rg3 Kf6 39. h4 Rh8 40. Re5 Nc4
41. Re2 Re7 42. Rg1 Nd6 43. Rge1 Nc4 44. Rh1 Kg7 45. Rg1 Kf6 46. Nd3 Rc7 47.
Nc5 Re7 48. Nd3 Rc7 49. Nc5 1/2-1/2

[Event "WchT (Women) 6th"]
[Site "Khanty-Mansiysk"]
[Date "2017.06.20"]
[Round "4.3"]
[White "Dzagnidze, Nana"]
[Black "Kosteniuk, Alexandra"]
[Result "0-1"]
[WhiteElo "2533"]
[BlackElo "2542"]
[PlyCount "128"]
[EventDate "2017.06.17"]
[EventType "team-tourn"]
[EventRounds "9"]
[EventCountry "RUS"]
[SourceTitle "CBM 179 Extra"]
[Source "ChessBase"]
[SourceDate "2017.08.23"]
[SourceVersion "1"]
[SourceVersionDate "2017.08.23"]
[SourceQuality "1"]
[WhiteTeam "Georgia (W)"]
[BlackTeam "Russia (W)"]
[WhiteTeamCountry "GEO"]
[BlackTeamCountry "RUS"]

1. Nf3 d5 2. c4 d4 3. b4 Bg4 4. Qa4+ c6 5. Bb2 Bxf3 6. exf3 Nf6 7. f4 Qd6 8.
Be2 Qxf4 9. O-O e5 10. b5 Be7 11. Ba3 c5 12. d3 e4 13. Bc1 Qe5 14. Nd2 Nbd7 15.
Qc2 e3 16. Nf3 exf2+ 17. Rxf2 Qc7 18. Nh4 Ne4 19. Bf4 Bd6 20. Bxd6 Nxd6 21. Bg4
O-O 22. Re1 Rae8 23. Rfe2 Nf6 24. Rxe8 Rxe8 25. Rxe8+ Ndxe8 26. Bh3 Qf4 27. g3
Qe3+ 28. Kg2 g6 29. Qd1 h5 30. Kf1 Nd6 31. Ng2 Qe5 32. Qe1 Qxe1+ 33. Nxe1 Ng4
34. Bxg4 hxg4 35. a4 Kf8 36. Nc2 Nc8 37. Na1 Nb6 38. a5 Nd7 39. Nb3 Ke7 40. Ke2
Kd6 41. Kf2 Ne5 42. Nc1 a6 43. bxa6 bxa6 44. Kg2 Nf3 45. h3 Ne1+ 46. Kh2 gxh3
47. Kxh3 Ke5 48. Kh2 f5 49. Kg1 g5 50. Kf2 Nc2 51. Nb3 Kd6 52. Kf3 Nb4 53. Ke2
Nc6 54. Kf3 Ne5+ 55. Ke2 g4 56. Nc1 Nc6 57. Nb3 Nd8 58. Kf2 Nb7 59. Ke2 Ke5 60.
Kf2 f4 61. Kg2 fxg3 62. Kxg3 Kf5 63. Kf2 Kf4 64. Ke2 g3 0-1

[Event "WchT (Women) 6th"]
[Site "Khanty-Mansiysk"]
[Date "2017.06.21"]
[Round "5.3"]
[White "Kosteniuk, Alexandra"]
[Black "Zatonskih, Anna"]
[Result "1/2-1/2"]
[WhiteElo "2542"]
[BlackElo "2417"]
[PlyCount "62"]
[EventDate "2017.06.17"]
[EventType "team-tourn"]
[EventRounds "9"]
[EventCountry "RUS"]
[SourceTitle "CBM 179 Extra"]
[Source "ChessBase"]
[SourceDate "2017.08.23"]
[SourceVersion "1"]
[SourceVersionDate "2017.08.23"]
[SourceQuality "1"]
[WhiteTeam "Russia (W)"]
[BlackTeam "US of America (W)"]
[WhiteTeamCountry "RUS"]
[BlackTeamCountry "USA"]

1. e4 e5 2. Nf3 Nf6 3. Nxe5 d6 4. Nf3 Nxe4 5. d4 d5 6. Bd3 Nc6 7. O-O Bg4 8. c3
Be7 9. Nbd2 Nxd2 10. Bxd2 O-O 11. h3 Bh5 12. g3 Na5 13. Re1 Re8 14. Bf4 Bg6 15.
Bxg6 hxg6 16. Qd3 Nc4 17. b3 Nd6 18. c4 Ne4 19. h4 Bb4 20. Re3 c6 21. Ne5 a6
22. c5 Ba5 23. f3 Nf6 24. Kg2 Nd7 25. Rh1 Nxe5 26. dxe5 Re6 27. Bg5 Qe8 28. Qd4
Bc7 29. Rhe1 Rb8 30. Qg4 b6 31. cxb6 Bxb6 1/2-1/2

[Event "WchT (Women) 6th"]
[Site "Khanty-Mansiysk"]
[Date "2017.06.23"]
[Round "6.4"]
[White "Harika, Dronavalli"]
[Black "Kosteniuk, Alexandra"]
[Result "1/2-1/2"]
[WhiteElo "2535"]
[BlackElo "2542"]
[PlyCount "58"]
[EventDate "2017.06.17"]
[EventType "team-tourn"]
[EventRounds "9"]
[EventCountry "RUS"]
[SourceTitle "CBM 179 Extra"]
[Source "ChessBase"]
[SourceDate "2017.08.23"]
[SourceVersion "1"]
[SourceVersionDate "2017.08.23"]
[SourceQuality "1"]
[WhiteTeam "India (W)"]
[BlackTeam "Russia (W)"]
[WhiteTeamCountry "IND"]
[BlackTeamCountry "RUS"]

1. e4 e5 2. Nf3 Nf6 3. Nxe5 d6 4. Nf3 Nxe4 5. Nc3 Nxc3 6. dxc3 Be7 7. Be3 Nd7
8. Qd2 Nf6 9. O-O-O O-O 10. Bd3 c5 11. Rhe1 Be6 12. Bg5 d5 13. Qf4 Re8 14. Kb1
h6 15. Bxf6 Bxf6 16. Ne5 Qb8 17. Qg3 b5 18. f4 c4 19. Be2 b4 20. Bh5 bxc3 21.
Qxc3 Qb7 22. Bf3 Rab8 23. g4 Be7 24. f5 Bb4 25. Qd4 Bc5 26. Qc3 Bb4 27. Qd4 Bc5
28. Qc3 Bb4 29. Qd4 Bc5 1/2-1/2

[Event "WchT (Women) 6th"]
[Site "Khanty-Mansiysk"]
[Date "2017.06.24"]
[Round "7.2"]
[White "Kosteniuk, Alexandra"]
[Black "Socko, Monika"]
[Result "1-0"]
[WhiteElo "2542"]
[BlackElo "2485"]
[PlyCount "189"]
[EventDate "2017.06.17"]
[EventType "team-tourn"]
[EventRounds "9"]
[EventCountry "RUS"]
[SourceTitle "CBM 179 Extra"]
[Source "ChessBase"]
[SourceDate "2017.08.23"]
[SourceVersion "1"]
[SourceVersionDate "2017.08.23"]
[SourceQuality "1"]
[WhiteTeam "Russia (W)"]
[BlackTeam "Poland (W)"]
[WhiteTeamCountry "RUS"]
[BlackTeamCountry "POL"]

1. e4 c5 2. Nf3 Nc6 3. Bb5 Qc7 4. c3 e6 5. O-O Nge7 6. Re1 a6 7. Ba4 b5 8. Bc2
Bb7 9. a4 b4 10. d4 Ng6 11. h4 cxd4 12. cxd4 Rc8 13. Bd3 Na5 14. Be3 Be7 15.
Nbd2 O-O 16. e5 Rfe8 17. h5 Nf8 18. Ne4 Bxe4 19. Bxe4 Nc4 20. Bc1 d6 21. exd6
Qxd6 22. Bd3 a5 23. Ne5 Nxe5 24. dxe5 Qd5 25. Qe2 Red8 26. Rd1 Qc5 27. Bf4 h6
28. Rac1 Qb6 29. Rxc8 Rxc8 30. Qg4 Kh8 31. Be3 Qb8 32. Qe4 Rd8 33. Bd4 Qc7 34.
Qe3 Qc6 35. Bb5 Qd5 36. Rd3 Qa2 37. Qc1 Bg5 38. f4 Bh4 39. Kh2 Kg8 40. Kh3 Be7
41. Kh2 Bh4 42. Qd1 Be7 43. Qg4 Qa1 44. Rg3 g6 45. hxg6 fxg6 46. Rd3 Rc8 47.
Rd1 Rc1 48. b3 Qa3 49. Rxc1 Qxc1 50. Bc4 Kg7 51. Qf3 h5 52. Be3 Qe1 53. Bf2 Qd2
54. Be3 Qe1 55. Bf2 Qd2 56. Bb6 h4 57. Qf2 Qc1 58. Be3 Qd1 59. Qe2 Qxe2 60.
Bxe2 Nd7 61. Bc4 Kf7 62. Kh3 Bd8 63. Bf2 g5 64. Kg4 gxf4 65. Kxf4 Bc7 66. Bd4
Nb6 67. Bd3 Nd5+ 68. Kg4 Bd8 69. Be4 Ne7 70. Bf2 Bc7 71. Kf4 Bd8 72. Bxh4 Nd5+
73. Kg4 Ne3+ 74. Kh5 Bc7 75. Bf6 Nf1 76. Bg6+ Kg8 77. Bd3 Ne3 78. Be4 Nf1 79.
Kg6 Ne3 80. Kg5 Kf7 81. g4 Nf1 82. Bg6+ Kf8 83. Kf4 Bb6 84. g5 Be3+ 85. Kf3 Bb6
86. Bh7 Ne3 87. Be4 Nf1 88. Kg4 Kf7 89. g6+ Kf8 90. Bc6 Ne3+ 91. Kh5 Nf5 92.
Bd7 Bc7 93. Kg5 Nd4 94. g7+ Kg8 95. Kg6 1-0

[Event "WchT (Women) 6th"]
[Site "Khanty-Mansiysk"]
[Date "2017.06.25"]
[Round "8.5"]
[White "Mona, Khaled"]
[Black "Kosteniuk, Alexandra"]
[Result "0-1"]
[WhiteElo "2168"]
[BlackElo "2542"]
[PlyCount "80"]
[EventDate "2017.06.17"]
[EventType "team-tourn"]
[EventRounds "9"]
[EventCountry "RUS"]
[SourceTitle "CBM 179 Extra"]
[Source "ChessBase"]
[SourceDate "2017.08.23"]
[SourceVersion "1"]
[SourceVersionDate "2017.08.23"]
[SourceQuality "1"]
[WhiteTeam "Egypt (W)"]
[BlackTeam "Russia (W)"]
[WhiteTeamCountry "EGY"]
[BlackTeamCountry "RUS"]

1. d4 Nf6 2. Nf3 c5 3. d5 b5 4. c4 b4 5. Qc2 g6 6. b3 d6 7. Nbd2 Bg7 8. Rb1 O-O
9. e4 e6 10. Bd3 Nh5 11. O-O e5 12. Rd1 f5 13. Ne1 a5 14. Be2 Nf6 15. exf5 gxf5
16. Nf1 Ne4 17. Bb2 Qg5 18. f3 Nf6 19. Qd2 Qg6 20. Ng3 Bh6 21. Qc2 Be3+ 22. Kh1
Ra7 23. Bd3 Nh5 24. Nxh5 Qxh5 25. Bc1 Bd4 26. Bb2 Bxb2 27. Qxb2 f4 28. Ra1 Rf6
29. Qf2 Rh6 30. g4 fxg3 31. Qxg3+ Rg7 32. Qf2 Bh3 33. Rd2 Nd7 34. a3 Nf6 35.
axb4 e4 36. Rxa5 exd3 37. Ra8+ Kf7 38. Qe3 Rhg6 39. Ra7+ Nd7 40. Rxd3 Qe5 0-1

[Event "WchT (Women) 6th"]
[Site "Khanty-Mansiysk"]
[Date "2017.06.26"]
[Round "9.1"]
[White "Kosteniuk, Alexandra"]
[Black "Ushenina, Anna"]
[Result "1/2-1/2"]
[WhiteElo "2542"]
[BlackElo "2458"]
[PlyCount "71"]
[EventDate "2017.06.17"]
[EventType "team-tourn"]
[EventRounds "9"]
[EventCountry "RUS"]
[SourceTitle "CBM 179 Extra"]
[Source "ChessBase"]
[SourceDate "2017.08.23"]
[SourceVersion "1"]
[SourceVersionDate "2017.08.23"]
[SourceQuality "1"]
[WhiteTeam "Russia (W)"]
[BlackTeam "Ukraine (W)"]
[WhiteTeamCountry "RUS"]
[BlackTeamCountry "UKR"]

1. e4 c5 2. Nf3 d6 3. d4 cxd4 4. Nxd4 Nf6 5. Nc3 a6 6. Bg5 e6 7. Qf3 Be7 8.
O-O-O Qc7 9. Qg3 Bd7 10. f4 h6 11. Bh4 Nc6 12. Be2 O-O-O 13. f5 Rhg8 14. Qh3
Nxd4 15. Rxd4 Kb8 16. Rhd1 Ka8 17. Bf2 Rc8 18. Kb1 d5 19. exd5 Nxd5 20. Rxd5
exd5 21. Rxd5 Bc6 22. Qe3 b6 23. Qd3 Qb7 24. Bf3 Kb8 25. Qd4 Bf6 26. Qf4+ Ka7
27. Na4 Bxd5 28. Nxb6 Bxf3 29. Nxc8+ Ka8 30. Nb6+ Ka7 31. Nd5+ Ka8 32. Nc7+ Kb8
33. Nb5+ Ka8 34. Nc7+ Kb8 35. Nb5+ Ka8 36. Nc7+ 1/2-1/2

[Event "Titled Tuesday intern op 4th July"]
[Site "Chess.com INT"]
[Date "2017.07.04"]
[Round "2"]
[White "Andreikin, Dmitry"]
[Black "Kosteniuk, Alexandra"]
[Result "1-0"]
[WhiteElo "2695"]
[BlackElo "2503"]
[PlyCount "87"]
[EventDate "2017.07.04"]
[EventType "swiss (blitz)"]
[EventRounds "10"]
[EventCountry "USA"]
[SourceTitle "EXT 2021"]
[Source "ChessBase"]
[SourceDate "2020.10.23"]
[SourceVersion "1"]
[SourceVersionDate "2020.10.23"]
[SourceQuality "1"]

1. d4 Nf6 2. Bg5 e6 3. Nd2 h6 4. Bh4 c5 5. e4 g5 6. Bg3 cxd4 7. e5 Ng8 8. h4
Nc6 9. hxg5 d6 10. Ngf3 dxe5 11. Nxe5 Bg7 12. Bb5 Qd5 13. Qf3 Qxf3 14. Ndxf3
Bd7 15. Nxd7 Kxd7 16. O-O-O Nge7 17. Nxd4 Kc8 18. Nf3 Nf5 19. Bf4 h5 20. c3
Nfe7 21. g3 a6 22. Bd3 Nd5 23. Be4 Nxf4 24. gxf4 Kc7 25. Rh4 Ne7 26. Rdh1 Ng6
27. Bxg6 fxg6 28. Re1 Rae8 29. Re4 Rhf8 30. Kd2 Rf5 31. Ke2 Rb5 32. b3 Ra5 33.
a4 Rc5 34. c4 b5 35. axb5 axb5 36. Rh3 bxc4 37. bxc4 Rc6 38. Nh4 e5 39. f5 gxf5
40. Nxf5 Bf8 41. Rxh5 Bc5 42. Rh7+ Kb6 43. Rh6 Rf8 44. Rxe5 1-0